000 00512nam a2200181 a 4500
005 20140310183227.0
008 050709s19uu xx 00 eng d
020 _a0451070542
050 _aPR 6039.O32
_b.M781 1969
100 _aBeard, Henry
245 _aBored of the rings /
_cby Henry N. Beard and Douglas C. Kenney.
260 _aNew York :
_bThe Harvard Lampoon Inc,
_c1972.
300 _a160 p. :
_c16 cm.
440 _aThe Harvard Lampoon
650 _aFiction
942 _cBK
_2lcc
999 _c20421
_d20421